LEADER 01462nam 2200397 450 001 000009938 005 20151105131424.0 100 $a20020206d1980----km-y0itay0103----ba 101 0 $aita 102 $aIT 200 1 $aNormalizzazione delle foreste alpine$ebasi ecosistemiche, equilibrio, modelli colturali, produttivitą$econ applicazione alle foreste del Trentino$fLucio Susmel 210 $cLiviana$dc1980 215 $aXIV, 431 p.$cill.$d27 cm. 225 1 $aSpazio verde 606 $aBoschi [e] foreste$xEcologia$yTrento 606 $aSelvicoltura$xAlpi 606 $aAmbiente naturale$xProtezione$yItalia 676 $a581.5$v(20. ed.)$9Botanica. Ecologia vegetale 700 1$aSusmel,$bLucio$076706 801 0$aIT$bUniversitą della Basilicata - B.I.A.$gRICA$2unimarc 912 $a000009938 996 $aNormalizzazione delle foreste alpine$976618 997 $aUNIBAS BAS $aMONAGR BAS $aMONOGR BAS $aAGRARIA CAT $aSTD009$b01$c20020206$lBAS01$h1251 CAT $aTORRE$b20$c20020423$lBAS01$h1327 CAT $c20050601$lBAS01$h1754 CAT $abatch$b01$c20050718$lBAS01$h1050 CAT $c20050718$lBAS01$h1109 CAT $c20050718$lBAS01$h1139 CAT $c20050718$lBAS01$h1154 CAT $aTTM$b30$c20151105$lBAS01$h1314 FMT Z30 -1$lBAS01$LBAS01$mBOOK$1BASA2$APolo Tecnico-Scientifico$2DID$BDidattica$3PTS.s4.p12.11$651653$5A51653$820020206$f04$FPrestabile Didattica LEADER 02010nam 2200577Ia 450 001 9910456073203321 005 20200520144314.0 010 $a1-280-21089-3 010 $a9786610210893 010 $a0-309-58853-7 035 $a(CKB)110986584751824 035 $a(OCoLC)847268670 035 $a(CaPaEBR)ebrary10078114 035 $a(SSID)ssj0000293299 035 $a(PQKBManifestationID)12114451 035 $a(PQKBTitleCode)TC0000293299 035 $a(PQKBWorkID)10272421 035 $a(PQKB)11242227 035 $a(MiAaPQ)EBC3377921 035 $a(Au-PeEL)EBL3377921 035 $a(CaPaEBR)ebr10078114 035 $a(OCoLC)923274271 035 $a(EXLCZ)99110986584751824 100 $a19940509d1994 ua 0 101 0 $aeng 135 $aurcn||||||||| 181 $ctxt 182 $cc 183 $acr 200 10$aCommittee report and recommendations$b[electronic resource] $epeak-period fees to relieve traffic congestion /$fCommittee for Study on Urban Transportation Congestion Pricing, Transportation Research Board, Commission on Behavioral and Social Sciences and Education, National Research Council 210 $aWashington, DC $cNational Academy Press$dc1994 215 $a1 online resource (155 p.) 225 0 $aCurbing gridlock ;$vv.1 225 0 $aSpecial report ;$v242 300 $aPapers presented and discussed at a symposium held in Washington, D.C., in 1993. 311 $a0-309-05504-0 606 $aCongestion pricing$zUnited States$vCongresses 606 $aTraffic congestion$zUnited States$vCongresses 606 $aTransportation and state$zUnited States$vCongresses 608 $aElectronic books. 615 0$aCongestion pricing 615 0$aTraffic congestion 615 0$aTransportation and state 676 $a388.3/12 801 0$bMiAaPQ 801 1$bMiAaPQ 801 2$bMiAaPQ 906 $aBOOK 912 $a9910456073203321 996 $aCommittee report and recommendations$91980728 997 $aUNINA